000 00227nam a2200097Ia 4500
008 230915s9999 xx 000 0 und d
050 _aHG4521.B63 2004
100 _aZVI BODIE
245 0 _aESSENTIALS OF INVESTMENTS
942 _cBK
999 _c87003
_d87003